Report of the committee of inquriy into pay and conditions (Record no. 499843)

000 -LEADER
fixed length control field 00417cam a22001097a 4500
008 - FIXED-LENGTH DATA ELEMENTS--GENERAL INFORMATION
fixed length control field 180718b1979 xxu||||| |||| 00| 0 eng d
082 ## - DEWEY DECIMAL CLASSIFICATION NUMBER
Classification number K232x42 Un3n
245 ## - TITLE STATEMENT
Title Report of the committee of inquriy into pay and conditions
Statement of responsibility, etc. by Non-Home Department Police Forces, United Kingdom
260 ## - PUBLICATION, DISTRIBUTION, ETC.
Place of publication, distribution, etc. London
Name of publisher, distributor, etc. Her Majesty's Stationery Office
Date of publication, distribution, etc. 1979
300 ## - PHYSICAL DESCRIPTION
Extent 72+p.
700 ## - ADDED ENTRY--PERSONAL NAME
Personal name United Kingdom. Non-Home Department Police Forces
Holdings
Withdrawn status Lost status Damaged status Not for loan Permanent Location Current Location Date acquired Full call number Barcode Date last seen Price effective from Koha item type
        Indian Institute of Public Administration Indian Institute of Public Administration 2018-08-04 K232x42 Un3n G14988 2018-08-04 2018-08-04 G

Powered by Koha